00968nam a2200265Ia 4500001000600000003000900006008004100015040001300056040001300069041001200082100001100094100002900105245002900134245002900163250001100192260002400203260001400227260004900241300005600290500021500346650002400561650003100585700003200616700005400648A6408IT-RoPAU130308s9999 xx 000 0 und d aIT-RoPAU cIT-RoPAU aINGLESE aAA.VV. gCodice Aut. SPICS: 12000 aUnderstanding Television bUnderstanding Television a1a ed. aLONDON AND NEW YORK bRoutledge c1990 [1° Ed.:1990 - Ed.Ling.Originale:1990] a"202 p. (prefazione: 10; testo: 192 [pagine: 0-0])" aComprensione della Televisione. Saggi di Autori vari Sulla Televisione: Programmi, Generi, Storia, Organizzazione, Ascolto. brevi Note biografiche dei singoli Autori con Introduzione dei Curatori. Bibliografia. aTEORICHE TELEVISIVE eCodice materia Spics: 6955 aGoodwin AndrewWhannel Garry gCodice Aut. SPICS: 35779Codice Aut. SPICS: 35780